Make Exams Easy. Time-proven exam techniques that really make a difference to your results

Detalles Bibliográficos
Autor Principal: Evans M. Mike
Summary:The skills you learn in this accessible book will give you a unique advantage. That's because at least 50% of your chance of exam success depends on your technique and attitude. Discover simple tools and vital insights that really will make a difference, whatever exams you're taking - professional or academic, Master's level or GCSE, essay or multiple choice. Find out what examiners look for and make the most of particular marking systems. Mike Evans has never failed an exam in his life. He holds a Master's Degree in Business Administration, is an accountant, a Fellow of the Institute of Management, a Master Practitioner of Neuro-Linguistic Programming, a qualified pilot and successful lecturer.
Idioma:inglés
Publicado: Oxford, How To Books, 2003
Subjects:
Formato: Libro
KOHA link:https://koha.lib.tpu.ru/cgi-bin/koha/opac-detail.pl?biblionumber=212371

MARC

LEADER 00000nam0a2200000 4500
001 212371
005 20231101225743.0
010 |a 1857036212 
035 |a (RuTPU)RU\TPU\book\232019 
090 |a 212371 
100 |a 20120326d2003 km y0engy50 ba 
101 0 |a eng 
102 |a GB 
105 |a y z 000zy 
200 1 |a Make Exams Easy. Time-proven exam techniques that really make a difference to your results  |f M. Evans 
210 |a Oxford  |c How To Books  |d 2003 
215 |a 64 p. 
330 |a The skills you learn in this accessible book will give you a unique advantage. That's because at least 50% of your chance of exam success depends on your technique and attitude. Discover simple tools and vital insights that really will make a difference, whatever exams you're taking - professional or academic, Master's level or GCSE, essay or multiple choice. Find out what examiners look for and make the most of particular marking systems. Mike Evans has never failed an exam in his life. He holds a Master's Degree in Business Administration, is an accountant, a Fellow of the Institute of Management, a Master Practitioner of Neuro-Linguistic Programming, a qualified pilot and successful lecturer. 
606 1 |a Самостоятельная работа учащихся  |x В Вузе  |2 stltpush  |3 (RuTPU)RU\TPU\subj\53766  |9 71931 
610 1 |a высшее образование 
610 1 |a дидактика 
610 1 |a обучение 
610 1 |a экзамены 
610 1 |a подготовка 
610 1 |a методы 
610 1 |a приемы 
610 1 |a английский язык 
686 |a Ч481.267  |v LBC/SL-A  |2 rubbk 
700 1 |a Evans  |b M.  |g Mike 
801 1 |a RU  |b 63413507  |c 20120326 
801 2 |a RU  |b 63413507  |c 20120417  |g RCR 
942 |c BK